Industrial economy of India (Record no. 29810)

MARC details
000 -LEADER
fixed length control field 00338nam a2200133Ia 4500
082 ## - DEWEY DECIMAL CLASSIFICATION NUMBER
Classification number 338.45.01
Item number GUP
100 ## - MAIN ENTRY--AUTHOR NAME
Personal name Amarjit Singh, N S
245 #0 - TITLE STATEMENT
Title Industrial economy of India
260 ## - PUBLICATION, DISTRIBUTION, ETC. (IMPRINT)
Place of publication Delhi
Name of publisher Light &life
Year of publication 1978
650 ## - SUBJECT ADDED ENTRY--TOPICAL TERM
Topical Term Industrial economics
700 ## - ADDED ENTRY--PERSONAL NAME
Personal name Gupta
942 ## - ADDED ENTRY ELEMENTS (KOHA)
Koha item type Books
Holdings
Withdrawn status Lost status Damaged status Not for loan Home library Current library Date acquired Full call number Accession Number Koha item type
        RRII Library RRII Library 16/12/2021 338.45.01 GUP 10390 Books